Journal of medical toxicology

Bibliographic Details
Corporate Author: University of Pennsylvania. Press
Format: Electronic Journal
Language:English
Published: Philadelphia, Pa. : University of Pennsylvania Press
New York : Springer
Subjects:
Online Access:Full text available from Research Library: 12/01/2005 to 1 year ago

MARC

LEADER 00000nas a2200000 a 4500
001 ssj0055624
003 WaSeSS
005 20200512172242.0
006 m d
007 cr n
008 070808c20059999nyuqr pss 0 a0eng c
010 |a  2007213799 
016 7 |a 2405491-4  |2 DE-600 
016 7 |a 015477403  |2 Uk 
022 |a 1937-6995  |l 1556-9039  |y 1556-9039 
035 |a (WaSeSS)ssj0055624 
037 |b Penn Press Journals, P.O. Box 465, Hanover, PA 17331 
040 |a OCLCS  |b eng  |e pn  |c OCLCS  |d OCLCS  |d NSD  |d OCLCQ  |d HEBIS  |d PFM  |d UKMGB  |d DLC  |d OCLCQ  |d OCLCO  |d OCLCF  |d OCLCO  |d OCLCQ  |d OCLCO  |d OCLCQ  |d CUS  |d OCLCO  |d OCLCA  |d BUF  |d AU@  |d OCLCO  |d WYU  |d VT2  |d U3W  |d DLC  |d WaSeSS 
042 |a pcc  |a nsdp 
050 0 0 |a RA1190 
082 1 0 |a 615  |2 13 
210 0 |a J. med. toxicol.  |b (Online) 
222 0 |a Journal of medical toxicology  |b (Online) 
245 0 0 |a Journal of medical toxicology  |h [electronic resource]. 
246 1 |a JMT 
260 |3 2005-2009  |a Philadelphia, Pa. :  |b University of Pennsylvania Press 
260 3 |3 2010-  |a New York :  |b Springer 
310 |a Quarterly 
362 1 |a Print began with v. 1, no. 1 (Dec. 2005). 
506 |a License restrictions may limit access. 
588 |a Description based on first issue (viewed on Aug. 8, 2007). 
588 |a Latest issue consulted: Vol. 15, no. 2 (Apr. 2019) (SpringerLink website, viewed May 17, 2019). 
650 0 |a Toxicology  |v Periodicals. 
650 7 |a Toxicology.  |2 fast  |0 (OCoLC)fst01153364 
650 2 |a Toxicology  |v Periodicals. 
655 0 |a Electronic journals. 
710 2 |a University of Pennsylvania.  |b Press. 
776 0 8 |i Print version:  |t Journal of medical toxicology  |x 1556-9039  |w (DLC) 2005214960  |w (OCoLC)60933669 
850 |a DLC 
856 4 0 |z Full text available from Research Library: 12/01/2005 to 1 year ago  |u https://search.proquest.com/publication/38578